|
|
|
|
| LEADER |
00000cam a2200000 a 4500 |
| 001 |
vtls001114844 |
| 003 |
SK-MaSNL |
| 005 |
20260301055347.0 |
| 008 |
180814s1978 xo a n 00000 slo |
| 015 |
|
|
|a SNBA1979
|
| 035 |
|
|
|a SNK000057687
|
| 040 |
|
|
|a SNK
|b slo
|c SNK
|e AACR2
|
| 041 |
0 |
|
|a slo
|
| 044 |
|
|
|a xo
|c SK
|
| 080 |
|
|
|a 66.012-52:519.7(035.3)
|2 1981
|
| 080 |
|
|
|a 519.7(035.3)
|2 1981
|
| 080 |
|
|
|a 519.7
|2 1981
|
| 080 |
|
|
|a 66.012-52(035.3)
|2 1981
|
| 100 |
1 |
|
|a Kafarov, Viktor Viačeslavovič
|4 aut
|9 368839
|
| 245 |
1 |
0 |
|a Kybernetické metódy v chémii a chemickej technológii
|c Viktor Viačeslavovič Kafarov ; z ruského originálu preložili Miloslav Varga, Ľubomír Šutek, Mária Vargová
|
| 250 |
|
|
|a 1. vyd.
|
| 260 |
|
|
|a Bratislava
|b Alfa
|c 1978
|e Bratislava
|f Svornosť
|
| 300 |
|
|
|a 464 s.
|b grafy, sch., tab.
|c 24 cm
|
| 366 |
|
|
|e 2000 výtl.
|
| 490 |
1 |
|
|a Edícia chemickej literatúry
|
| 504 |
|
|
|a Obsahuje bibliografiu
|
| 650 |
0 |
7 |
|a chemická technológia
|2 SNKPH
|9 65015
|
| 650 |
0 |
7 |
|a kybernetika
|2 SNKPH
|9 1125
|
| 650 |
0 |
7 |
|a automatické riadenie
|2 SNKPH
|9 67900
|
| 655 |
|
7 |
|a príručky
|2 SNKPH
|9 74364
|
| 700 |
1 |
|
|a Varga, Miloslav
|4 trl
|9 9504
|
| 700 |
1 |
|
|a Šutek, Ľubomír,
|d 1932-
|4 trl
|9 39925
|
| 700 |
1 |
|
|a Vargová, Mária
|4 trl
|9 6782
|
| 700 |
1 |
|
|a Longauer, Ľubomír,
|d 1948-2025
|4 bkd
|9 111396
|
| 830 |
|
0 |
|a Edícia chemickej literatúry
|9 276844
|
| 852 |
|
|
|a Slovenská národná knižnica
|
| 958 |
|
|
|a OND
|
| 958 |
|
|
|a [NB23]
|
| 958 |
|
|
|a NB
|
| 958 |
|
|
|a TL
|
| 958 |
|
|
|a OP
|
| 999 |
|
|
|c 613182
|d 615112
|
| 952 |
|
|
|t P60, <04>, [BOOK], {604}
|a SNK
|b SNK
|y VYP
|7 0
|p 17A0170578
|o snkSC 45299 D1
|0 0
|1 0
|4 0
|d 1998-11-24
|l 0
|r 2004-12-31 00:00:00
|w 2026-02-23
|
| 952 |
|
|
|a SNK
|b SNK
|y PREZ
|7 0
|p 17A0769778
|o snkSC 45299
|0 0
|1 0
|4 0
|d 2012-07-31
|l 0
|r 2025-10-27 00:00:00
|w 2026-02-23
|